[Event "CRO-chT1B 30th"]
[Site "Porec"]
[Date "2022.10.01"]
[Round "8.15"]
[White "Klobucar, Dean"]
[Black "Vlahov, Davor"]
[Result "1/2-1/2"]
[WhiteElo "2196"]
[BlackElo "2196"]
[PlyCount "24"]
[EventDate "2022.09.24"]
[EventType "team-tourn"]
[EventRounds "9"]
[EventCountry "CRO"]
[SourceTitle "CBM 210 Extra"]
[Source "ChessBase"]
[SourceDate "2022.11.30"]
[SourceVersion "1"]
[SourceVersionDate "2022.11.30"]
[SourceQuality "1"]
[WhiteTeam "Rijeka Rijeka"]
[BlackTeam "Pozega"]
[WhiteTeamCountry "CRO"]
[BlackTeamCountry "CRO"]

1. e4 c6 2. d4 d5 3. Nc3 dxe4 4. Nxe4 Bf5 5. Ng3 Bg6 6. h4 h6 7. h5 Bh7 8. Bd3 Bxd3 9. Qxd3 Nf6 10. Nf3 Nbd7 11. Bf4 Qa5+ 12. Bd2 Qc7 1/2-1/2

[Event "CRO Cup"]
[Site "Vodice"]
[Date "2022.05.19"]
[Round "3.5"]
[White "Klobucar, Dean"]
[Black "Novosel, Lovro"]
[Result "0-1"]
[WhiteElo "2214"]
[BlackElo "2279"]
[PlyCount "82"]
[EventDate "2022.05.18"]
[EventType "team-swiss"]
[EventRounds "6"]
[EventCountry "CRO"]
[SourceTitle "CBM 208 Extra"]
[Source "ChessBase"]
[SourceDate "2022.07.31"]
[SourceVersion "1"]
[SourceVersionDate "2022.07.31"]
[SourceQuality "1"]
[WhiteTeam "Rijeka Rijeka"]
[BlackTeam "Sveta Nedelja"]
[WhiteTeamCountry "CRO"]
[BlackTeamCountry "CRO"]

1. e4 c5 2. Nf3 d6 3. d4 cxd4 4. Qxd4 Nc6 5. Bb5 Bd7 6. Bxc6 Bxc6 7. Nc3 Nf6 8. Bg5 e6 9. 0-0-0 Be7 10. Rhe1 0-0 11. e5 dxe5 12. Nxe5 Qa5 13. Nxc6 bxc6 14. Qe5 Qa6 15. Ne4 Nd5 16. Bxe7 Nxe7 17. Qg5 Nd5 18. a3 Rab8 19. Rd3 Qa5 20. Qd2 Qc7 21. c4 Nb6 22. Rg3 Nd7 23. Qg5 g6 24. f4 Qb6 25. Re2 Qg1+ 26. Kc2 Qd4 27. Rc3 Rfd8 28. Qg3 Nc5 29. Nf2 Ne4 30. Qd3 Nxc3 31. Qxc3 Rb7 32. g3 Rbd7 33. Qxd4 Rxd4 34. Kc3 Kf8 35. Ng4 c5 36. Ne5 Rd1 37. Nc6 Rc1+ 38. Kb3 Rd7 39. Re5 Rb7+ 40. Ka2 Rc2 41. Rxc5 Rcxb2+ 0-1

[Event "CRO-chT1A 29th"]
[Site "Mali Losinj"]
[Date "2021.09.30"]
[Round "6.4"]
[White "Klobucar, Dean"]
[Black "Ciganovic, Nikola"]
[Result "1-0"]
[WhiteElo "2173"]
[BlackElo "2227"]
[PlyCount "127"]
[EventDate "2021.09.25"]
[EventType "team-tourn"]
[EventRounds "9"]
[EventCountry "CRO"]
[SourceTitle "CBM 204 Extra"]
[Source "ChessBase"]
[SourceDate "2021.11.30"]
[SourceVersion "1"]
[SourceVersionDate "2021.11.30"]
[SourceQuality "1"]
[WhiteTeam "Rijeka Rijeka"]
[BlackTeam "Pula"]
[WhiteTeamCountry "CRO"]
[BlackTeamCountry "CRO"]

1. e4 e5 2. Qh5 Nc6 3. Bc4 g6 4. Qf3 Nf6 5. Ne2 Bg7 6. d3 h6 7. Nbc3 0-0 8. h4 Nd4 9. Nxd4 exd4 10. Nd5 Nxd5 11. Bxd5 c6 12. Bb3 Qe7 13. Bf4 a5 14. a4 d5 15. Qg3 Rd8 16. 0-0 Be6 17. Rae1 Qd7 18. h5 g5 19. Be5 Bxe5 20. Qxe5 Qd6 21. Qxd4 dxe4 22. Qxd6 Rxd6 23. Bxe6 Rxe6 24. Rxe4 Rxe4 25. dxe4 Rd8 26. f3 Rd2 27. Rf2 Rd1+ 28. Kh2 Kg7 29. Kh3 Rh1+ 30. Kg4 Rh4+ 31. Kf5 Rxh5 32. Rd2 Rh1 33. e5 Re1 34. Rd7 b5 35. axb5 cxb5 36. Ra7 a4 37. Rb7 Re2 38. g3 Re3 39. f4 gxf4 40. gxf4 Re2 41. c3 h5 42. Rxb5 Rg2 43. Rb7 h4 44. e6 h3 45. Rxf7+ Kg8 46. Rf6 Kg7 47. e7 Re2 48. Re6 Rxe6 49. Kxe6 h2 50. e8Q h1Q 51. Qxa4 Qe1+ 52. Kd5 Kf7 53. Qd4 Qe6+ 54. Kc5 Qe7+ 55. Qd6 Qe3+ 56. Kc6 Qc1 57. Qd5+ Ke8 58. c4 Qc2 59. b4 Qa4+ 60. b5 Qa8+ 61. Kc7 Qa7+ 62. Kc8 Qa3 63. b6 Qh3+ 64. f5 1-0

[Event "Oskarja Memorial 10th"]
[Site "Chess.com INT"]
[Date "2021.01.16"]
[Round "4"]
[White "Lavrencic, Matic"]
[Black "Klobucar, Dean"]
[Result "1-0"]
[WhiteElo "2018"]
[BlackElo "2309"]
[PlyCount "75"]
[EventDate "2021.01.16"]
[EventType "swiss (blitz)"]
[EventRounds "15"]
[EventCountry "SLO"]
[SourceTitle "CBM 200 Extra"]
[Source "ChessBase"]
[SourceDate "2021.03.31"]
[SourceVersion "1"]
[SourceVersionDate "2021.03.31"]
[SourceQuality "1"]

1. e4 e6 2. d4 d5 3. Nc3 Bb4 4. e5 c5 5. a3 cxd4 6. axb4 dxc3 7. bxc3 Ne7 8. Bd3 Qc7 9. Ne2 Qxe5 10. 0-0 Ng6 11. Bxg6 hxg6 12. Bf4 Qf6 13. Bd6 Nc6 14. Re1 e5 15. Qxd5 Be6 16. Qc5 Rd8 17. b5 Rxd6 18. Qxd6 Ne7 19. Ng3 Qh4 20. h3 0-0 21. Qxe5 Nd5 22. Re4 Qd8 23. Rd1 Qc8 24. Rxd5 Bxd5 25. Qxd5 Qxc3 26. Qd3 Qb2 27. Kh2 Rc8 28. c4 Qxf2 29. Qd7 Rf8 30. Re8 Rxe8 31. Qxe8+ Kh7 32. Qe4 b6 33. Qf3 Qc5 34. Qxf7 Kh6 35. Qf4+ Kh7 36. Ne4 Qe7 37. Ng5+ Kh6 38. Qh4# 1-0

[Event "CRO-chT2 West"]
[Site "Rijeka"]
[Date "2020.09.12"]
[Round "1.1"]
[White "Cucancic, Sinisa"]
[Black "Klobucar, Dean"]
[Result "1/2-1/2"]
[WhiteElo "2221"]
[BlackElo "2173"]
[PlyCount "20"]
[EventDate "2020.09.12"]
[EventType "team-tourn"]
[EventRounds "9"]
[EventCountry "CRO"]
[SourceTitle "EXT 2022"]
[Source "ChessBase"]
[SourceDate "2021.10.06"]
[SourceVersion "1"]
[SourceVersionDate "2021.10.06"]
[SourceQuality "1"]
[WhiteTeam "Karlobag"]
[BlackTeam "Rijeka II"]
[WhiteTeamCountry "CRO"]
[BlackTeamCountry "CRO"]

1. c4 Nf6 2. Nc3 c5 3. Nf3 Nc6 4. e3 g6 5. Be2 Bg7 6. 0-0 0-0 7. d3 d5 8. cxd5 Nxd5 9. Nxd5 Qxd5 10. a3 Bg4 1/2-1/2

[Event "CRO-chT2 West"]
[Site "Croatia"]
[Date "2013.03.17"]
[Round "3.33"]
[White "Klobucar, Dean"]
[Black "Kukic, Lora"]
[Result "1-0"]
[WhiteElo "2155"]
[BlackElo "1932"]
[PlyCount "45"]
[EventDate "2013.03.16"]
[EventType "team-tourn"]
[EventRounds "9"]
[EventCountry "CRO"]
[SourceTitle "EXT 2019"]
[Source "ChessBase"]
[SourceDate "2018.10.10"]
[SourceVersion "1"]
[SourceVersionDate "2018.10.10"]
[SourceQuality "1"]
[WhiteTeam "Rijeka CC II"]
[BlackTeam "Krk"]
[WhiteTeamCountry "CRO"]
[BlackTeamCountry "CRO"]

1. e4 c5 2. Nf3 d6 3. d4 cxd4 4. Qxd4 Nc6 5. Bb5 Bd7 6. Bxc6 bxc6 7. c4 Qb6 8. Qd3 e5 9. 0-0 Nf6 10. Nc3 Be7 11. Rb1 a5 12. Be3 Qa6 13. Rfd1 Bg4 14. c5 Qxd3 15. Rxd3 Bxf3 16. gxf3 dxc5 17. Na4 0-0 18. Nxc5 Rab8 19. b3 Rfd8 20. Rc1 Nh5 21. Rxd8+ Rxd8 22. Nb7 Rb8 23. Nxa5 1-0

[Event "CRO-chT2 West"]
[Site "Croatia"]
[Date "2011.04.09"]
[Round "4.14"]
[White "Kukina, Mario"]
[Black "Klobucar, Dean"]
[Result "0-1"]
[WhiteElo "2034"]
[BlackElo "2177"]
[PlyCount "164"]
[EventDate "2011.03.12"]
[EventType "team-tourn"]
[EventRounds "9"]
[EventCountry "CRO"]
[SourceTitle "EXT 2014"]
[Source "ChessBase"]
[SourceDate "2013.11.20"]
[SourceVersion "1"]
[SourceVersionDate "2013.11.20"]
[SourceQuality "1"]

1. d4 Nf6 2. Nf3 c5 3. e3 g6 4. Be2 Bg7 5. 0-0 0-0 6. c4 cxd4 7. exd4 d5 8. Nc3 Nc6 9. h3 b6 10. Ne5 Bb7 11. Nxc6 Bxc6 12. Bf3 Rc8 13. cxd5 Nxd5 14. Bg5 h6 15. Bxd5 hxg5 16. Bxc6 Rxc6 17. Qa4 Rc7 18. Nb5 Qd7 19. Qb3 Rcc8 20. Rad1 Rfd8 21. Rd2 a6 22. Na3 b5 23. Rfd1 g4 24. hxg4 Qxg4 25. Nc2 Rc6 26. Ne3 Qh4 27. d5 Rcd6 28. Qc2 Be5 29. g3 Qg5 30. Ng2 Qg4 31. Rd3 Kg7 32. Re1 Bf6 33. Ne3 Qh3 34. g4 Qh4 35. Qe2 Rh8 36. Qf3 Bxb2 37. Qg2 Bf6 38. Nf1 Qg5 39. Ng3 Qxg4 40. Rf3 Kf8 41. Rc1 Qh3 42. Ne4 Qxg2+ 43. Kxg2 Rxd5 44. Rc6 Kg7 45. Nxf6 Rg5+ 46. Kf1 exf6 47. Rcxf6 Rh1+ 48. Ke2 Re5+ 49. Kd2 Re7 50. Rxa6 Rd7+ 51. Kc2 Rh5 52. Rb6 Rdd5 53. Rbf6 Rd7 54. Kb3 Rh4 55. Rb6 Rh5 56. Kb4 Rd4+ 57. Kb3 Rhd5 58. Rb7 Rd3+ 59. Rxd3 Rxd3+ 60. Kb4 Rd2 61. a3 Rb2+ 62. Kc5 Rb3 63. Ra7 g5 64. Ra5 Kf6 65. Kd4 Rf3 66. Ke4 Rxf2 67. Rxb5 g4 68. a4 Kg6 69. a5 f5+ 70. Ke5 Kg5 71. a6 Re2+ 72. Kd4 Ra2 73. Rb6 Kf4 74. Rg6 Kf3 75. Ke5 f4 76. Rb6 Kg3 77. Ke4 f3 78. Rf6 Ra4+ 79. Ke3 Ra3+ 80. Kd2 Kf2 81. Rf4 g3 82. Rb4 Ra2+ 0-1

[Event "CRO-Cup 19th"]
[Site "Sibenik"]
[Date "2010.05.23"]
[Round "6"]
[White "Klobucar, Dean"]
[Black "Rubil, Marko"]
[Result "0-1"]
[WhiteElo "2164"]
[BlackElo "2150"]
[PlyCount "106"]
[EventDate "2010.05.19"]
[EventType "team-tourn"]
[EventRounds "6"]
[EventCountry "CRO"]
[SourceTitle "CBM 136 Extra"]
[Source "ChessBase"]
[SourceDate "2010.07.02"]
[SourceVersion "2"]
[SourceVersionDate "2010.07.15"]
[SourceQuality "1"]

1. e4 e5 2. Nf3 Nc6 3. Bb5 a6 4. Ba4 Nf6 5. Qe2 b5 6. Bb3 Be7 7. 0-0 d6 8. c3 0-0 9. d4 h6 10. h3 Re8 11. d5 Na5 12. Bc2 c6 13. dxc6 Be6 14. Rd1 Qc7 15. Nbd2 Qxc6 16. Nf1 Nc4 17. Ng3 Bf8 18. Nh4 g6 19. Qf3 Nd7 20. Nf1 Kh7 21. g4 Ndb6 22. b3 Na5 23. Ne3 Be7 24. Nhg2 Rac8 25. Bd2 Nb7 26. Be1 Qd7 27. Nd5 Bxd5 28. exd5 Rf8 29. Bd2 Bg5 30. Bxg5 hxg5 31. Qe3 Qd8 32. Rac1 Kg7 33. Ne1 Qf6 34. Qxb6 Nc5 35. b4 Rb8 36. Qa5 Nd7 37. Bd3 Rh8 38. Bf1 e4 39. Rd4 e3 40. fxe3 Qe5 41. Kf2 Rbe8 42. Nc2 Qh2+ 43. Ke1 Qg3+ 44. Kd1 Qf2 45. Ra1 Qxf1+ 46. Kd2 Qf2+ 47. Kc1 Rxh3 48. Rd2 Rh1+ 49. Kb2 Qxd2 50. Rxh1 Rc8 51. Qa3 Ne5 52. Qb3 Nc4+ 53. Kb1 Qxd5 0-1

[Event "CRO-Cup 19th"]
[Site "Sibenik"]
[Date "2010.05.21"]
[Round "4"]
[White "Klobucar, Dean"]
[Black "Tomasic, Roland"]
[Result "1-0"]
[WhiteElo "2164"]
[BlackElo "2098"]
[PlyCount "53"]
[EventDate "2010.05.19"]
[EventType "team-tourn"]
[EventRounds "6"]
[EventCountry "CRO"]
[SourceTitle "CBM 136 Extra"]
[Source "ChessBase"]
[SourceDate "2010.07.02"]
[SourceVersion "2"]
[SourceVersionDate "2010.07.15"]
[SourceQuality "1"]

1. e4 c5 2. Nf3 d6 3. d4 cxd4 4. Nxd4 Nf6 5. Nc3 e6 6. g4 Nc6 7. g5 Nd7 8. Be3 Be7 9. h4 0-0 10. Qd2 a6 11. 0-0-0 Nxd4 12. Qxd4 b5 13. f4 Qa5 14. Kb1 b4 15. Ne2 Bb7 16. Bg2 Rab8 17. Ng3 Rfc8 18. f5 e5 19. Qd2 Nc5 20. Bxc5 Qxc5 21. f6 gxf6 22. Nf5 Bf8 23. gxf6 Kh8 24. Qg5 Qxc2+ 25. Ka1 Bxe4 26. Bxe4 Qxe4 27. Ne7 1-0

[Event "Mediterranean op 3rd"]
[Site "Rijeka"]
[Date "2009.11.30"]
[Round "4"]
[White "Klobucar, Dean"]
[Black "Danchevski, Orce"]
[Result "1/2-1/2"]
[WhiteElo "2174"]
[BlackElo "2418"]
[PlyCount "123"]
[EventDate "2009.11.27"]
[EventType "swiss"]
[EventRounds "9"]
[EventCountry "CRO"]
[SourceTitle "CBM 133 Extra"]
[Source "ChessBase"]
[SourceDate "2010.01.05"]
[SourceVersion "1"]
[SourceVersionDate "2010.01.05"]
[SourceQuality "1"]

1. e4 c5 2. Nf3 d6 3. d4 Nf6 4. Nc3 cxd4 5. Qxd4 Nc6 6. Bb5 Bd7 7. Bxc6 Bxc6 8. Bg5 e6 9. 0-0-0 Be7 10. Rhe1 Qa5 11. Qd2 0-0 12. Kb1 Rfd8 13. Nd4 Rac8 14. Nxc6 Rxc6 15. Nd5 Qxd2 16. Nxe7+ Kf8 17. Rxd2 Kxe7 18. e5 dxe5 19. Rxd8 Kxd8 20. Rxe5 Ke7 21. b3 h6 22. Bxf6+ Kxf6 23. Rh5 e5 24. Rh3 Ke6 25. Rd3 e4 26. Rd8 f5 27. Kc1 Rd6 28. Re8+ Kf7 29. Re5 Kf6 30. Re8 Rd7 31. Rf8+ Kg5 32. Re8 h5 33. Re6 h4 34. h3 Kf4 35. c4 g5 36. c5 g4 37. hxg4 Kxg4 38. b4 h3 39. Rg6+ Kf4 40. Rg3 hxg2 41. Rxg2 Kf3 42. Rh2 f4 43. Kc2 b5 44. cxb6 axb6 45. a4 Rd3 46. Rh4 Rd6 47. Kc3 e3 48. fxe3 fxe3 49. Rh3+ Kf2 50. Kc4 e2 51. Rh2+ Kf3 52. Rxe2 Kxe2 53. a5 bxa5 54. bxa5 Ke3 55. Kb5 Rd1 56. a6 Rb1+ 57. Kc5 Ra1 58. Kb6 Rb1+ 59. Kc5 Ra1 60. Kb6 Kd4 61. a7 Kd5 62. Kb7 1/2-1/2

[Event "CRO-Cup 18th"]
[Site "Sibenik"]
[Date "2009.05.24"]
[Round "5"]
[White "Radulovic, Bojan"]
[Black "Klobucar, Dean"]
[Result "1/2-1/2"]
[WhiteElo "2281"]
[BlackElo "2165"]
[PlyCount "21"]
[EventDate "2009.05.20"]
[EventType "tourn"]
[EventRounds "5"]
[EventCountry "CRO"]
[SourceTitle "CBM 130 Extra"]
[Source "ChessBase"]
[SourceDate "2009.07.02"]
[SourceVersion "2"]
[SourceVersionDate "2009.07.15"]
[SourceQuality "1"]

1. d4 Nf6 2. b3 d5 3. Bb2 Bf5 4. Nd2 e6 5. Ngf3 Nbd7 6. Ne5 Be7 7. c4 c6 8. e3 Nxe5 9. dxe5 Nd7 10. Be2 0-0 11. 0-0 1/2-1/2

[Event "CRO-Cup 18th"]
[Site "Sibenik"]
[Date "2009.05.20"]
[Round "1"]
[White "Cebalo, Miso"]
[Black "Klobucar, Dean"]
[Result "1-0"]
[WhiteElo "2469"]
[BlackElo "2165"]
[PlyCount "87"]
[EventDate "2009.05.20"]
[EventType "tourn"]
[EventRounds "5"]
[EventCountry "CRO"]
[SourceTitle "CBM 130 Extra"]
[Source "ChessBase"]
[SourceDate "2009.07.02"]
[SourceVersion "2"]
[SourceVersionDate "2009.07.15"]
[SourceQuality "1"]

1. d4 Nf6 2. Bg5 Ne4 3. Bf4 d5 4. e3 e6 5. Bd3 Bd6 6. Bxe4 dxe4 7. Ne2 0-0 8. Nbc3 f5 9. Qd2 b6 10. 0-0-0 a5 11. h3 Ba6 12. g4 b5 13. gxf5 exf5 14. Bxd6 cxd6 15. Nf4 b4 16. Nce2 Rf7 17. d5 Bxe2 18. Qxe2 Nd7 19. Kb1 Nc5 20. Ne6 Qc8 21. Qc4 Re7 22. Nd4 Rf7 23. Rhg1 Qa6 24. Qxa6 Rxa6 25. Rg5 f4 26. Rdg1 fxe3 27. fxe3 Raa7 28. b3 a4 29. Nc6 axb3 30. axb3 Ra3 31. Nxb4 Rfa7 32. Kb2 R3a5 33. Nc6 Ra2+ 34. Kc3 Rc7 35. h4 Ne6 36. dxe6 Rxc6+ 37. Kb4 Rc7 38. R1g2 h6 39. Rg6 Raxc2 40. Rxg7+ Rxg7 41. Rxc2 Rb7+ 42. Ka5 Rxb3 43. Rc8+ Kg7 44. e7 1-0

[Event "Dos Hermanas Internet qual-E 10th"]
[Site "ICC INT"]
[Date "2009.03.15"]
[Round "12"]
[White "Klobucar, Dean"]
[Black "Belezky, Alexander"]
[Result "0-1"]
[WhiteElo "2165"]
[BlackElo "2467"]
[PlyCount "98"]
[EventDate "2009.03.15"]
[EventType "swiss (blitz)"]
[EventRounds "12"]
[EventCountry "ESP"]
[SourceTitle "CBM 129 Extra"]
[Source "ChessBase"]
[SourceDate "2009.05.05"]
[SourceVersion "2"]
[SourceVersionDate "2009.05.20"]
[SourceQuality "1"]

1. e4 c5 2. Nf3 d6 3. d4 cxd4 4. Qxd4 Nc6 5. Bb5 Qa5+ 6. Nc3 Qxb5 7. Nxb5 Nxd4 8. Nfxd4 Kd8 9. c4 Nf6 10. f3 e6 11. Bg5 Be7 12. 0-0-0 Bd7 13. Kb1 a6 14. Nc3 Rc8 15. b3 b5 16. Rhe1 bxc4 17. b4 e5 18. Nf5 Bxf5 19. exf5 Nd7 20. Be3 Rb8 21. a3 h6 22. Rd5 Nf6 23. Ra5 Kc7 24. Rxa6 d5 25. Ra7+ Rb7 26. Rxb7+ Kxb7 27. Na4 d4 28. Bf2 Bd6 29. Bg3 Nd7 30. Nb2 Rc8 31. Kc2 f6 32. h4 Nb6 33. h5 Nd5 34. Bf2 Nf4 35. g3 Nd5 36. Rc1 Ne7 37. Kd1 c3 38. Nd3 Nxf5 39. Kc2 Ne7 40. Kb3 Nd5 41. Kc2 Nb6 42. Kb3 Nc4 43. a4 Nd2+ 44. Kc2 Nxf3 45. b5 e4 46. Nf4 Bxf4 47. gxf4 d3+ 48. Kd1 c2+ 49. Rxc2 Rxc2 0-1

[Event "Dos Hermanas Internet qual-E 10th"]
[Site "ICC INT"]
[Date "2009.03.15"]
[Round "2"]
[White "Klobucar, Dean"]
[Black "Grigoryan, Avetik"]
[Result "0-1"]
[WhiteElo "2165"]
[BlackElo "2506"]
[PlyCount "76"]
[EventDate "2009.03.15"]
[EventType "swiss (blitz)"]
[EventRounds "12"]
[EventCountry "ESP"]
[SourceTitle "CBM 129 Extra"]
[Source "ChessBase"]
[SourceDate "2009.05.05"]
[SourceVersion "2"]
[SourceVersionDate "2009.05.20"]
[SourceQuality "1"]

1. e4 e6 2. d4 d5 3. Nc3 Nf6 4. e5 Nfd7 5. f4 c5 6. Nf3 Nc6 7. Be3 Be7 8. Qd2 0-0 9. 0-0-0 c4 10. g4 b5 11. f5 b4 12. Ne2 Qa5 13. Kb1 c3 14. Qc1 cxb2 15. Qxb2 a6 16. Nc1 Na7 17. Nb3 Qc7 18. f6 gxf6 19. exf6 Nxf6 20. Ne5 Ne4 21. Bd3 Nc3+ 22. Ka1 f6 23. Nf3 a5 24. g5 Nxd1 25. Rxd1 f5 26. Ne5 Nc6 27. g6 Nxe5 28. gxh7+ Kxh7 29. dxe5 Qc3 30. Nd4 Bd7 31. Bb5 Bxb5 32. Qxc3 bxc3 33. Nxb5 Rac8 34. Nd4 Bc5 35. Rd3 f4 36. Bf2 Bxd4 37. Rxd4 Rc4 38. Rd3 f3 0-1

[Event "Mediterranean op 2nd"]
[Site "Rijeka"]
[Date "2008.12.04"]
[Round "7"]
[White "Klobucar, Dean"]
[Black "Doric, Nenad"]
[Result "1/2-1/2"]
[WhiteElo "2168"]
[BlackElo "2352"]
[PlyCount "85"]
[EventDate "2008.11.29"]
[EventType "swiss"]
[EventRounds "9"]
[EventCountry "CRO"]
[SourceTitle "CBM 127 Extra"]
[Source "ChessBase"]
[SourceDate "2009.01.08"]
[SourceVersion "2"]
[SourceVersionDate "2009.01.28"]
[SourceQuality "1"]

1. e4 c5 2. Nf3 d6 3. d4 cxd4 4. Qxd4 Nf6 5. Nc3 Bd7 6. Bg5 Nc6 7. Qd2 a6 8. h3 b5 9. Bd3 e6 10. 0-0 Be7 11. Rfe1 Ne5 12. Nxe5 dxe5 13. a3 0-0 14. f4 Nh5 15. Bxe7 Qxe7 16. fxe5 Qc5+ 17. Re3 Qxe5 18. Be2 Nf6 19. Rd1 Bc6 20. Qd6 Qxd6 21. Rxd6 Rfc8 22. e5 Nd7 23. Bf3 Bxf3 24. gxf3 Nf8 25. Re4 Ng6 26. Kf2 Kf8 27. f4 Rd8 28. Rxd8+ Rxd8 29. Ke2 Ke7 30. a4 bxa4 31. Rxa4 Rb8 32. b3 f6 33. exf6+ gxf6 34. Ke3 Rc8 35. Kd2 Rc6 36. Ne2 e5 37. fxe5 fxe5 38. c4 Ke6 39. Ke3 Kf5 40. Ra5 Rb6 41. Ra3 Rc6 42. Ra5 Rb6 43. Ra3 1/2-1/2

[Event "Mediterranean op 2nd"]
[Site "Rijeka"]
[Date "2008.12.01"]
[Round "4"]
[White "Sandalakis, Angelos"]
[Black "Klobucar, Dean"]
[Result "1-0"]
[WhiteElo "2376"]
[BlackElo "2168"]
[PlyCount "59"]
[EventDate "2008.11.29"]
[EventType "swiss"]
[EventRounds "9"]
[EventCountry "CRO"]
[SourceTitle "CBM 127 Extra"]
[Source "ChessBase"]
[SourceDate "2009.01.08"]
[SourceVersion "2"]
[SourceVersionDate "2009.01.28"]
[SourceQuality "1"]

1. d4 Nf6 2. c3 d5 3. Nf3 Bg4 4. Ne5 Bf5 5. Qb3 Qc8 6. g4 Bxb1 7. Rxb1 c6 8. g5 Nfd7 9. Bh3 e6 10. Nd3 Be7 11. Be3 0-0 12. Rg1 c5 13. Nf4 Kh8 14. g6 fxg6 15. Bxe6 Bd6 16. Nxg6+ hxg6 17. Rg4 Be7 18. Rg3 Qd8 19. Rh3+ Bh4 20. Qxd5 Rf5 21. Bxf5 gxf5 22. Qf7 g5 23. dxc5 Ne5 24. Bd4 Nbc6 25. Qxf5 Qe7 26. Re3 Re8 27. Rd1 Kg8 28. Bxe5 Nxe5 29. Rd5 Nf3+ 30. Kd1 1-0